000
00391nam a22001697a 4500
003
MPLRDC
005
20220104114631.0
008
210129b ||||| |||| 00| 0 eng d
082
_a
191.9 LJL
100
_a
罗家伦
245
_a
新人生观
_c
250
_a
初版
260
_a
台湾
_b
钟文出版社
_c
300
_b
232
650
_a
人生观; 生死观
942
_c
BK
_o
191.9 LJL
999
_c
9018
_d
9008